[Event "COL-ch sf"]
[Site "Pereira"]
[Date "2024.03.31"]
[Round "10"]
[White "Andrade Salcedo, Jorge Mario"]
[Black "Palomino Escobar, Daniel Fernando"]
[Result "1/2-1/2"]
[WhiteElo "1726"]
[BlackElo "1941"]
[PlyCount "104"]
[EventDate "2024.03.26"]
[EventType "swiss"]
[EventRounds "11"]
[EventCountry "COL"]
[SourceTitle "CB14_2024"]
[SourceDate "2024.04.01"]
[SourceVersion "1"]
[SourceVersionDate "2024.04.01"]
[SourceQuality "1"]

1. d4 d6 2. c4 e5 3. dxe5 dxe5 4. Qxd8+ Kxd8 5. Nc3 c6 6. Nf3 Nd7 7. e4 Kc7 8. Be3 a5 9. 0-0-0 Bb4 10. Na4 Ngf6 11. Ng5 h6 12. Nf3 Nxe4 13. Bd3 Nef6 14. Bf5 Be7 15. Rhe1 g6 16. Bxd7 Nxd7 17. Nxe5 Bb4 18. Bf4 g5 19. Nxf7+ gxf4 20. Nxh8 Bxe1 21. Rxe1 b5 22. cxb5 cxb5 23. Nc3 Bb7 24. Ng6 Nc5 25. Nxf4 Rf8 26. Ne6+ Nxe6 27. Rxe6 Rxf2 28. Nxb5+ Kd7 29. Rxh6 Rxg2 30. Rd6+ Ke7 31. Rd2 Rg5 32. Nc3 Rh5 33. a3 Rh4 34. Nd5+ Kd6 35. Nf4+ Kc5 36. Ne6+ Kb5 37. b3 Bc8 38. Nd4+ Kb6 39. Kb2 Rh3 40. Nc2 Kc5 41. Ne1 Bf5 42. Nc2 Be6 43. b4+ axb4 44. axb4+ Kc4 45. Rf2 Bg8 46. Rf8 Bh7 47. Rf4+ Kb5 48. Na3+ Ka4 49. b5+ Ka5 50. Rf2 Ka4 51. Nc4 Rb3+ 52. Ka2 Rxb5 1/2-1/2

[Event "COL-ch sf"]
[Site "Pereira"]
[Date "2024.03.29"]
[Round "7"]
[White "Palomino Escobar, Daniel Fernando"]
[Black "Narvaez, Zamir Alexis"]
[Result "1/2-1/2"]
[WhiteElo "1941"]
[BlackElo "2032"]
[PlyCount "91"]
[EventDate "2024.03.26"]
[EventType "swiss"]
[EventRounds "11"]
[EventCountry "COL"]
[SourceTitle "CB14_2024"]
[SourceDate "2024.04.01"]
[SourceVersion "1"]
[SourceVersionDate "2024.04.01"]
[SourceQuality "1"]

1. e4 c5 2. Nc3 Nc6 3. g3 g6 4. Bg2 Bg7 5. d3 d6 6. Be3 Rb8 7. Qd2 b5 8. Nge2 b4 9. Nd1 h5 10. h3 e6 11. a3 a5 12. axb4 axb4 13. 0-0 Nge7 14. f4 0-0 15. f5 exf5 16. exf5 Bxf5 17. Rxf5 gxf5 18. Nf4 Nd4 19. Nxh5 Ne6 20. Nxg7 Nxg7 21. Bg5 f6 22. Bh6 Qd7 23. Ne3 d5 24. Ra5 Rfc8 25. d4 Ne6 26. dxc5 d4 27. Nd5 Nxd5 28. c6 Qc7 29. Bxd5 Qxa5 30. Bxe6+ Kh7 31. Qxd4 Qe5 32. Qxe5 fxe5 33. Be3 Rxc6 34. Bxf5+ Kg7 35. b3 Kf6 36. g4 Rbc8 37. h4 Rxc2 38. Bg5+ Kf7 39. h5 Rg8 40. Bxc2 Rxg5 41. Bf5 Kf6 42. Kf2 Rg8 43. Ke3 Kg5 44. Ke4 Re8 45. Bd7 Re7 46. Bf5 1/2-1/2

[Event "COL-chT"]
[Site "Risaralda"]
[Date "2023.11.22"]
[Round "6.4"]
[White "Campos Gomez, Manuel"]
[Black "Palomino Escobar, Daniel Fernando"]
[Result "1-0"]
[WhiteElo "2285"]
[BlackElo "1905"]
[PlyCount "59"]
[EventDate "2023.11.19"]
[EventType "team-swiss"]
[EventRounds "7"]
[EventCountry "COL"]
[SourceTitle "CB49_2023"]
[SourceDate "2023.12.06"]
[SourceVersion "1"]
[SourceVersionDate "2023.12.06"]
[SourceQuality "1"]
[WhiteTeam "Valle"]
[BlackTeam "Cundinamarca"]
[WhiteTeamCountry "COL"]
[BlackTeamCountry "COL"]

1. d4 d6 2. Nf3 Nf6 3. c4 Nbd7 4. Nc3 e5 5. e4 g6 6. Be2 Bg7 7. 0-0 0-0 8. Be3 Ng4 9. Bg5 f6 10. Bc1 f5 11. h3 Ngf6 12. exf5 gxf5 13. dxe5 dxe5 14. Bg5 h6 15. Bh4 e4 16. Nd4 Ne5 17. Nd5 c6 18. Nf4 Qd6 19. c5 Qb8 20. Bg3 Nd5 21. Qb3 Rd8 22. Bc4 Nxc4 23. Nxd5 Be5 24. Ne7+ Kf8 25. Ng6+ Kg7 26. Nxe5 Nxe5 27. Nxc6 Nxc6 28. Bxb8 Rxb8 29. Rad1 Rf8 30. Rd6 1-0

[Event "Medellin de La Raza op"]
[Site "Medellin"]
[Date "2023.10.16"]
[Round "10"]
[White "Palomino Escobar, Daniel Fernando"]
[Black "Gonzalez Lopez, Nicolas Mateo"]
[Result "0-1"]
[WhiteElo "1865"]
[BlackElo "2205"]
[PlyCount "66"]
[EventDate "2023.10.12"]
[EventType "swiss"]
[EventRounds "10"]
[EventCountry "COL"]
[SourceTitle "Mega2024 Update 01"]
[Source "Chessbase"]
[SourceDate "2023.11.12"]
[SourceVersion "1"]
[SourceVersionDate "2023.11.12"]
[SourceQuality "1"]

1. e4 c6 2. Nc3 d5 3. Nf3 Bg4 4. h3 Bxf3 5. Qxf3 e6 6. g3 Nd7 7. d4 Qb6 8. exd5 cxd5 9. Qe3 Ngf6 10. Bb5 Bb4 11. 0-0 Bxc3 12. Bxd7+ Nxd7 13. Qxc3 0-0 14. Qd3 Rac8 15. Re1 a5 16. Re2 Rc4 17. c3 Qa6 18. Bg5 b5 19. a3 Qb6 20. h4 Rfc8 21. h5 h6 22. Be7 Re8 23. Bh4 b4 24. axb4 axb4 25. g4 bxc3 26. bxc3 Qc7 27. Rc2 Qf4 28. Qg3 Qxg3+ 29. Bxg3 Rec8 30. Rac1 f6 31. Bf4 Nc5 32. Bxh6 Nb3 33. Rb2 Nxc1 0-1

[Event "Medellin de La Raza op"]
[Site "Medellin"]
[Date "2023.10.13"]
[Round "3"]
[White "Palomino Escobar, Daniel Fernando"]
[Black "Valderrama Castano, Julian Camilo"]
[Result "1-0"]
[WhiteElo "1865"]
[BlackElo "1918"]
[PlyCount "86"]
[EventDate "2023.10.12"]
[EventType "swiss"]
[EventRounds "10"]
[EventCountry "COL"]
[SourceTitle "Mega2024 Update 01"]
[Source "Chessbase"]
[SourceDate "2023.11.12"]
[SourceVersion "1"]
[SourceVersionDate "2023.11.12"]
[SourceQuality "1"]

1. e4 e6 2. d4 d5 3. Nc3 Bb4 4. exd5 exd5 5. a3 Bxc3+ 6. bxc3 Nf6 7. Qe2+ Be6 8. Qb5+ Nbd7 9. Qxb7 0-0 10. Bf4 c5 11. Bb5 Qa5 12. Ne2 Rab8 13. Bxb8 Rxb8 14. Qa6 Rxb5 15. Qxa5 Rxa5 16. 0-0 h5 17. f3 Bf5 18. Ra2 Nb6 19. Rb1 Nc4 20. Nf4 cxd4 21. cxd4 Rxa3 22. Rxa3 Nxa3 23. Rb8+ Kh7 24. c3 a5 25. Rb7 Nc4 26. Rxf7 a4 27. Nxd5 Nxd5 28. Rxf5 a3 29. Rxh5+ Kg6 30. Rh8 a2 31. Ra8 Nxc3 32. Kf2 Kf5 33. Ra6 Nb6 34. Ra3 Ke6 35. g4 Kd5 36. h4 Kc4 37. h5 Kb4 38. Rxa2 Nxa2 39. Ke3 Nc3 40. Kf4 Nd7 41. Kf5 Nf8 42. Ke5 Kc4 43. f4 Ne2 1-0

[Event "Medellin Flores op 30th"]
[Site "Medellin"]
[Date "2023.08.04"]
[Round "3"]
[White "Palomino Escobar, Daniel Fernando"]
[Black "Cifuentes Camacho, Miguel Angel"]
[Result "0-1"]
[WhiteElo "1893"]
[BlackElo "1668"]
[PlyCount "98"]
[EventDate "2023.08.03"]
[EventType "swiss"]
[EventRounds "9"]
[EventCountry "COL"]
[SourceTitle "EXT 2024"]
[Source "ChessBase"]
[SourceDate "2023.10.10"]
[SourceVersion "1"]
[SourceVersionDate "2023.10.10"]
[SourceQuality "1"]

1. e4 c5 2. Nc3 a6 3. g3 Nc6 4. Bg2 g6 5. d3 Bg7 6. Be3 d6 7. Qd2 Bd7 8. Nge2 h5 9. h3 Rb8 10. 0-0 Nd4 11. f4 Qc8 12. Kh2 e6 13. f5 gxf5 14. exf5 Nxf5 15. Rxf5 exf5 16. Nd5 Be6 17. Nec3 h4 18. Bf4 hxg3+ 19. Bxg3 Be5 20. Qg5 Qd8 21. Nc7+ Qxc7 22. Bxe5 dxe5 23. Qg7 Rh5 24. Qxg8+ Kd7 25. Qg7 Rbh8 26. Re1 e4+ 27. Kg1 Rxh3 28. dxe4 Qh2+ 29. Kf2 Qf4+ 30. Kg1 Rh1+ 31. Bxh1 Qh2+ 32. Kf1 Bc4+ 33. Re2 Qxh1+ 34. Kf2 Rh2+ 35. Ke3 Rxe2+ 36. Nxe2 Qxe4+ 37. Kd2 Qxe2+ 38. Kc3 b5 39. b4 Qe1+ 40. Kb2 Qxb4+ 41. Kc1 Qe1+ 42. Kb2 b4 43. Qg2 Qe4 44. Qg8 Qd4+ 45. Kc1 Qa1+ 46. Kd2 Qc3+ 47. Kd1 Qe3 48. Qg2 Kc7 49. Qh2+ f4 0-1

[Event "Medellin Flores op 30th"]
[Site "Medellin"]
[Date "2023.08.04"]
[Round "2"]
[White "Ramirez Arias, Jacobo"]
[Black "Palomino Escobar, Daniel Fernando"]
[Result "0-1"]
[WhiteElo "1599"]
[BlackElo "1893"]
[PlyCount "74"]
[EventDate "2023.08.03"]
[EventType "swiss"]
[EventRounds "9"]
[EventCountry "COL"]
[SourceTitle "EXT 2024"]
[Source "ChessBase"]
[SourceDate "2023.10.10"]
[SourceVersion "1"]
[SourceVersionDate "2023.10.10"]
[SourceQuality "1"]

1. e4 e6 2. Nf3 d5 3. exd5 exd5 4. d4 Bd6 5. Bd3 Ne7 6. 0-0 Bg4 7. h3 Bh5 8. Nbd2 Nbc6 9. c3 Qd7 10. Qc2 Bg6 11. Re1 0-0-0 12. b4 Bxb4 13. Bxg6 hxg6 14. cxb4 Rxh3 15. gxh3 Qxh3 16. Nh2 Nxd4 17. Qc5 Nef5 18. Re7 Ne6 19. Rxe6 fxe6 20. Ndf3 e5 21. Bg5 Rh8 22. Rc1 c6 23. Qxa7 Nd4 24. Nxd4 Qxh2+ 25. Kf1 exd4 26. Re1 Qh3+ 27. Ke2 Re8+ 28. Be3 dxe3 29. fxe3 Qg4+ 30. Kd3 Qc4+ 31. Kd2 Qxb4+ 32. Kd1 d4 33. e4 Kc7 34. a3 Qb3+ 35. Kd2 Qc3+ 36. Kd1 d3 37. Qa4 Ra8 0-1

[Event "COL-chT Blitz"]
[Site "Santander"]
[Date "2022.09.10"]
[Round "3.2"]
[White "Tovio, Israel"]
[Black "Palomino Escobar, Daniel Fernando"]
[Result "1-0"]
[WhiteElo "2215"]
[BlackElo "1846"]
[PlyCount "81"]
[EventDate "2022.09.10"]
[EventType "team-swiss (blitz)"]
[EventRounds "9"]
[EventCountry "COL"]
[SourceTitle "EXT 2023"]
[Source "ChessBase"]
[SourceDate "2022.10.05"]
[SourceVersion "1"]
[SourceVersionDate "2022.10.05"]
[SourceQuality "1"]
[WhiteTeam "Bolivar"]
[BlackTeam "Cundinamarca"]
[WhiteTeamCountry "COL"]
[BlackTeamCountry "COL"]

1. e4 e6 2. d3 d5 3. Nd2 c5 4. Ngf3 Nc6 5. g3 Nf6 6. Bg2 Be7 7. 0-0 b6 8. Re1 Bb7 9. c3 Qc7 10. a3 Rd8 11. e5 Nd7 12. d4 Ba6 13. Nf1 Rc8 14. Bg5 Bxg5 15. Nxg5 h6 16. Nh3 0-0 17. Ne3 cxd4 18. cxd4 Na5 19. Nf4 Bc4 20. Qg4 Qd8 21. h4 Qe7 22. Rac1 Nb3 23. Rc3 Na5 24. Rec1 b5 25. Nexd5 exd5 26. Bxd5 Nb6 27. Be4 f5 28. exf6 Rxf6 29. Nh5 Re6 30. Bf5 Re1+ 31. Kh2 Rxc1 32. Rxc1 Rf8 33. Re1 Qc7 34. Nf4 Nd5 35. Ng6 Rd8 36. Be6+ Kh7 37. Qf5 Ne7 38. Nxe7+ Kh8 39. Ng6+ Kh7 40. Nf8+ Kh8 41. Qh7# 1-0

[Event "COL-chT"]
[Site "Bucaramanga"]
[Date "2022.09.09"]
[Round "7.4"]
[White "Rosado Uriana, Rafael de Jesus"]
[Black "Palomino Escobar, Daniel Fernando"]
[Result "0-1"]
[WhiteElo "1518"]
[BlackElo "1882"]
[PlyCount "50"]
[EventDate "2022.09.06"]
[EventType "team-swiss"]
[EventRounds "7"]
[EventCountry "COL"]
[SourceTitle "CBM 210 Extra"]
[Source "ChessBase"]
[SourceDate "2022.11.30"]
[SourceVersion "1"]
[SourceVersionDate "2022.11.30"]
[SourceQuality "1"]
[WhiteTeam "Guajira II"]
[BlackTeam "Cundinamarca"]
[WhiteTeamCountry "COL"]
[BlackTeamCountry "COL"]

1. e4 e6 2. g3 d5 3. exd5 exd5 4. Bg2 Nf6 5. d3 Bg4 6. Ne2 Nc6 7. c3 Qd7 8. Bg5 0-0-0 9. f3 Bh3 10. 0-0 Bxg2 11. Kxg2 Qf5 12. Qd2 d4 13. Bxf6 gxf6 14. cxd4 Nxd4 15. Nbc3 Nxe2 16. Qxe2 Qxd3 17. Qxd3 Rxd3 18. Rad1 Rxd1 19. Rxd1 Bd6 20. f4 Re8 21. Kf3 Rd8 22. Ne4 Be7 23. Rxd8+ Kxd8 24. g4 Kd7 25. f5 Kc6 0-1

[Event "Medellin Easter op 10th"]
[Site "Medellin"]
[Date "2022.04.15"]
[Round "5"]
[White "Valle, Efrain"]
[Black "Palomino Escobar, Daniel Fernando"]
[Result "1/2-1/2"]
[WhiteElo "2008"]
[BlackElo "1857"]
[PlyCount "32"]
[EventDate "2022.04.13"]
[EventType "swiss"]
[EventRounds "8"]
[EventCountry "COL"]
[SourceTitle "CBM 207 Extra"]
[Source "ChessBase"]
[SourceDate "2022.05.31"]
[SourceVersion "1"]
[SourceVersionDate "2022.05.31"]
[SourceQuality "1"]

1. Nf3 Nc6 2. c4 e5 3. Nc3 g6 4. g3 Bg7 5. Bg2 d6 6. 0-0 Bg4 7. h3 Be6 8. d3 h6 9. e4 Qd7 10. Nd5 Nd8 11. Kh2 c6 12. Ne3 f5 13. exf5 gxf5 14. Nh4 f4 15. Nef5 Bf6 16. gxf4 Ne7 1/2-1/2

[Event "COL-ch sf"]
[Site "Santa Rosa"]
[Date "2021.08.15"]
[Round "9"]
[White "Palomino Escobar, Daniel Fernando"]
[Black "Campos Gomez, Manuel"]
[Result "0-1"]
[WhiteElo "1855"]
[BlackElo "2059"]
[PlyCount "72"]
[EventDate "2021.08.11"]
[EventType "swiss"]
[EventRounds "11"]
[EventCountry "COL"]
[SourceTitle "CBM 204 Extra"]
[Source "ChessBase"]
[SourceDate "2021.11.30"]
[SourceVersion "1"]
[SourceVersionDate "2021.11.30"]
[SourceQuality "1"]

1. e4 Nf6 2. Nc3 d5 3. e5 Nfd7 4. f4 e6 5. Nf3 c5 6. d4 Nc6 7. Be3 a6 8. Qd2 b5 9. dxc5 Nxc5 10. a3 Bb7 11. Nd4 Nxd4 12. Bxd4 Rc8 13. b4 Nd7 14. Bd3 g6 15. 0-0 Nb6 16. Qf2 Nc4 17. f5 gxf5 18. Bxf5 Qe7 19. Bd3 Rg8 20. a4 Bh6 21. g3 Rg4 22. Nd1 Nd2 23. h3 Rxd4 24. Qxd4 Nxf1 25. Kxf1 bxa4 26. Rxa4 Qg5 27. Qb6 Bc6 28. Qxa6 Bd7 29. b5 Qxg3 30. Qd6 Qxh3+ 31. Kf2 Qh2+ 32. Kf1 Qh1+ 33. Ke2 Rxc2+ 34. Bxc2 Bxb5+ 35. Kf2 Qh2+ 36. Kf3 Be2# 0-1

[Event "COL-ch sf"]
[Site "Santa Rosa"]
[Date "2021.08.14"]
[Round "6"]
[White "Palomino Escobar, Daniel Fernando"]
[Black "Hernandez Pinzon, Helvert"]
[Result "1/2-1/2"]
[WhiteElo "1855"]
[BlackElo "1960"]
[PlyCount "84"]
[EventDate "2021.08.11"]
[EventType "swiss"]
[EventRounds "11"]
[EventCountry "COL"]
[SourceTitle "CBM 204 Extra"]
[Source "ChessBase"]
[SourceDate "2021.11.30"]
[SourceVersion "1"]
[SourceVersionDate "2021.11.30"]
[SourceQuality "1"]

1. e4 c5 2. Nc3 Nc6 3. g3 g6 4. Bg2 Bg7 5. d3 Nf6 6. Be3 d6 7. h3 Rb8 8. Qd2 Bd7 9. Nge2 e5 10. 0-0 b5 11. f4 Nd4 12. g4 b4 13. Nd1 h5 14. g5 Nh7 15. Nc1 0-0 16. c3 bxc3 17. bxc3 exf4 18. Bxf4 Qe7 19. Ne3 Nc6 20. Nd5 Qe6 21. Ne2 Rb7 22. Rab1 Rfb8 23. Rxb7 Rxb7 24. Be3 Ne5 25. Nef4 Qe8 26. Nf6+ Nxf6 27. gxf6 Bf8 28. Qf2 Bb5 29. Rd1 Ba4 30. Rd2 Rb1+ 31. Bf1 Qd7 32. Kh2 Qd8 33. Nd5 Bc6 34. d4 Bxd5 35. exd5 cxd4 36. cxd4 Nd7 37. Bg5 Qa5 38. Bg2 Qc3 39. Re2 Rb8 40. Qf4 Rb2 41. Rxb2 Qxb2 42. Qe3 Qb8 1/2-1/2

[Event "Sopo Region-ch"]
[Site "Sopo"]
[Date "2021.07.24"]
[Round "1"]
[White "Torres, Juan Nicolas"]
[Black "Palomino Escobar, Daniel Fernando"]
[Result "0-1"]
[WhiteElo "1200"]
[BlackElo "1846"]
[PlyCount "62"]
[EventDate "2021.07.24"]
[EventType "swiss"]
[EventRounds "5"]
[EventCountry "COL"]
[SourceTitle "EXT 2022"]
[Source "ChessBase"]
[SourceDate "2021.10.06"]
[SourceVersion "1"]
[SourceVersionDate "2021.10.06"]
[SourceQuality "1"]

1. e4 e6 2. d4 d5 3. e5 c5 4. c3 Nc6 5. Nf3 Bd7 6. b3 f6 7. exf6 Nxf6 8. Be2 Bd6 9. Ba3 b6 10. c4 0-0 11. 0-0 e5 12. cxd5 Nxd4 13. Nbd2 b5 14. Nxd4 exd4 15. Nf3 Qb6 16. Bb2 Nxd5 17. a3 Nf4 18. b4 Nxe2+ 19. Qxe2 Bg4 20. Rfc1 Bxf3 21. gxf3 Rae8 22. Qd3 Bxh2+ 23. Kxh2 Qh6+ 24. Kg2 Rf6 25. bxc5 Qg5+ 26. Kf1 Rh6 27. Qe4 Rxe4 28. fxe4 Qd2 29. c6 Rh2 30. Bxd4 Qxd4 31. Rc2 Qxa1+ 0-1

[Event "Pereira Easter op"]
[Site "Pereira"]
[Date "2021.04.04"]
[Round "7"]
[White "Palomino Escobar, Daniel Fernando"]
[Black "Chavez Duero, Brayan Steven"]
[Result "0-1"]
[WhiteElo "1829"]
[BlackElo "2053"]
[PlyCount "102"]
[EventDate "2021.04.01"]
[EventType "swiss"]
[EventRounds "7"]
[EventCountry "COL"]
[SourceTitle "EXT 2022"]
[Source "ChessBase"]
[SourceDate "2021.10.06"]
[SourceVersion "1"]
[SourceVersionDate "2021.10.06"]
[SourceQuality "1"]

1. e4 c5 2. Nc3 g6 3. g3 Bg7 4. Bg2 Nc6 5. d3 d6 6. Be3 Rb8 7. Qd2 b5 8. Nge2 Nd4 9. h3 b4 10. Nd1 a5 11. c3 Nc6 12. f4 e6 13. f5 exf5 14. exf5 Ne5 15. fxg6 hxg6 16. Bf4 Ne7 17. Nf2 Ba6 18. 0-0 Qb6 19. Rac1 Rd8 20. Rfd1 Bc8 21. g4 Be6 22. Qc2 b3 23. Qd2 bxa2 24. Ne4 Nd5 25. Ra1 Nxd3 26. Bxd6 c4+ 27. Nd4 Rxd6 28. Nxd6+ Qxd6 29. Nxe6 Qxe6 30. Rxa2 0-0 31. Ra4 N5f4 32. Kh1 Rb8 33. b4 axb4 34. cxb4 c3 35. Qc2 Ne1 36. Qe4 Nexg2 37. Qxe6 fxe6 38. b5 Ne3 39. Rd7 c2 40. Rc7 Nfd5 41. Rc5 Rxb5 42. Ra8+ Kh7 43. Rxc2 Nxc2 44. Kg2 Rb3 45. Ra4 g5 46. Re4 Nf4+ 47. Kf2 Bd4+ 48. Rxd4 Nxd4 49. Kg1 Rb2 50. Kh1 Nf3 51. h4 Rh2# 0-1

[Event "Pereira Easter op"]
[Site "Pereira"]
[Date "2021.04.03"]
[Round "4"]
[White "Rojas, Carlos Andres"]
[Black "Palomino Escobar, Daniel Fernando"]
[Result "0-1"]
[WhiteElo "1946"]
[BlackElo "1829"]
[PlyCount "96"]
[EventDate "2021.04.01"]
[EventType "swiss"]
[EventRounds "7"]
[EventCountry "COL"]
[SourceTitle "EXT 2022"]
[Source "ChessBase"]
[SourceDate "2021.10.06"]
[SourceVersion "1"]
[SourceVersionDate "2021.10.06"]
[SourceQuality "1"]

1. e4 e6 2. d4 d5 3. Bd3 dxe4 4. Bxe4 Nf6 5. Bf3 Nbd7 6. Nc3 Bd6 7. Nb5 0-0 8. Nxd6 cxd6 9. Ne2 e5 10. g3 e4 11. Bg2 Nb6 12. 0-0 Qe8 13. Re1 Bf5 14. Nc3 d5 15. b3 Qc8 16. Qd2 Bg4 17. a4 Qc6 18. a5 Nbd7 19. Na4 Rac8 20. Ra2 b5 21. axb6 axb6 22. Bf1 b5 23. Nc5 Nxc5 24. dxc5 Qxc5 25. Ba3 Qa7 26. Bxb5 Rfd8 27. Rea1 Qb6 28. Bf1 d4 29. Be7 Rd5 30. Ra6 Qc7 31. Bxf6 gxf6 32. Bc4 Rd7 33. Rxf6 Qe5 34. Rf4 h5 35. Ra5 e3 36. Qe1 Rc5 37. Ra8+ Kg7 38. f3 Bf5 39. Qe2 Bxc2 40. Qxc2 d3 41. Qxd3 Rxd3 42. Rxf7+ Kg6 43. Rg8+ Kh6 44. Rgf8 Rd1+ 45. Kg2 Rd2+ 46. Kh3 Rd6 47. f4 Qa1 48. Rg8 Rxc4 0-1

[Event "COL-ch sf"]
[Site "Bogota"]
[Date "2020.11.16"]
[Round "8"]
[White "Becerra, Juan David"]
[Black "Palomino Escobar, Daniel Fernando"]
[Result "1-0"]
[WhiteElo "2330"]
[BlackElo "1784"]
[PlyCount "65"]
[EventDate "2020.11.12"]
[EventType "swiss"]
[EventRounds "8"]
[EventCountry "COL"]
[SourceTitle "CBM 199 Extra"]
[Source "ChessBase"]
[SourceDate "2021.01.31"]
[SourceVersion "1"]
[SourceVersionDate "2021.01.31"]
[SourceQuality "1"]

1. d4 d5 2. Nc3 Bf5 3. Bf4 e6 4. f3 Nf6 5. h4 Be7 6. h5 h6 7. e3 a6 8. Bd3 Bxd3 9. Qxd3 c5 10. dxc5 Nc6 11. Nge2 e5 12. Bg3 Qa5 13. Kf1 Qxc5 14. a3 Rd8 15. b4 Qa7 16. Bf2 e4 17. Qd1 0-0 18. Nd4 Bd6 19. Nce2 Rfe8 20. f4 Qb8 21. Bh4 Ng4 22. Rh3 Ne7 23. Rg3 Qc8 24. Rc1 b5 25. c3 f6 26. a4 Kh7 27. axb5 g5 28. hxg6+ Nxg6 29. Rxg4 Qxg4 30. Bf2 axb5 31. Nxb5 Bb8 32. Nbd4 h5 33. Ra1 1-0

[Event "COL-ch sf"]
[Site "Bogota"]
[Date "2020.11.13"]
[Round "3"]
[White "Rangel, Carlos"]
[Black "Palomino Escobar, Daniel Fernando"]
[Result "0-1"]
[WhiteElo "1989"]
[BlackElo "1784"]
[PlyCount "65"]
[EventDate "2020.11.12"]
[EventType "swiss"]
[EventRounds "8"]
[EventCountry "COL"]
[SourceTitle "CBM 199 Extra"]
[Source "ChessBase"]
[SourceDate "2021.01.31"]
[SourceVersion "1"]
[SourceVersionDate "2021.01.31"]
[SourceQuality "1"]

1. e4 e6 2. d3 d5 3. Nd2 c5 4. Ngf3 Nc6 5. g3 Bd6 6. Bg2 Nge7 7. c3 f6 8. Qc2 Qc7 9. a3 a5 10. 0-0 b5 11. Re1 0-0 12. Nf1 Bd7 13. Bh3 f5 14. Bg2 Rab8 15. Qe2 Ng6 16. exd5 exd5 17. Ng5 Nce7 18. Qh5 h6 19. Ne6 Bxe6 20. Rxe6 Kh7 21. Bg5 Be5 22. Bxe7 Nxe7 23. f4 Bf6 24. Bh3 g6 25. Qe2 Rb6 26. Re1 Rf7 27. Bg2 Kg7 28. Nd2 b4 29. axb4 cxb4 30. c4 a4 31. cxd5 Qc5+ 32. Kf1 Nxd5 33. Nc4 0-1

[Event "COL-ch sf"]
[Site "Bogota"]
[Date "2020.11.12"]
[Round "1"]
[White "Ramirez, Carlos"]
[Black "Palomino Escobar, Daniel Fernando"]
[Result "1-0"]
[WhiteElo "2263"]
[BlackElo "1784"]
[PlyCount "81"]
[EventDate "2020.11.12"]
[EventType "swiss"]
[EventRounds "8"]
[EventCountry "COL"]
[SourceTitle "CBM 199 Extra"]
[Source "ChessBase"]
[SourceDate "2021.01.31"]
[SourceVersion "1"]
[SourceVersionDate "2021.01.31"]
[SourceQuality "1"]

1. d4 d5 2. c4 e6 3. Nc3 Nf6 4. cxd5 exd5 5. Bg5 Be7 6. e3 c6 7. Bd3 Nbd7 8. Nge2 0-0 9. Qc2 Re8 10. h3 Nf8 11. g4 a5 12. Ng3 g6 13. 0-0-0 Ne6 14. Bxf6 Bxf6 15. f4 c5 16. f5 cxd4 17. fxe6 dxc3 18. exf7+ Kxf7 19. Rhf1 cxb2+ 20. Kb1 Kg7 21. Nh5+ gxh5 22. Bxh7 Qe7 23. Qg6+ Kh8 24. Rxd5 Be6 25. Rxh5 Qg7 26. Rxf6 Rad8 27. Qxg7+ Kxg7 28. Rf2 Rd1+ 29. Kxb2 Re1 30. e4 Rd8 31. Re5 Rd6 32. Bf5 Rb6+ 33. Kc3 Rc1+ 34. Kd4 Rb4+ 35. Ke3 Rc3+ 36. Kf4 Bxf5 37. gxf5 Rxh3 38. Kg4 Re3 39. f6+ Kg8 40. Rf4 Rb6 41. f7+ 1-0

[Event "COL-ch Amateur U2000"]
[Site "Paipa"]
[Date "2020.02.29"]
[Round "6"]
[White "Palomino Escobar, Daniel Fernando"]
[Black "Vargas, Edwin Antonio"]
[Result "1-0"]
[WhiteElo "1777"]
[BlackElo "1995"]
[PlyCount "59"]
[EventDate "2020.02.26"]
[EventType "swiss"]
[EventRounds "9"]
[EventCountry "COL"]
[SourceTitle "CBM 195 Extra"]
[Source "ChessBase"]
[SourceDate "2020.05.31"]
[SourceVersion "1"]
[SourceVersionDate "2020.05.31"]
[SourceQuality "1"]

1. e4 c5 2. Nc3 Nc6 3. g3 e5 4. Bg2 d6 5. d3 Nf6 6. h3 Be7 7. Be3 Be6 8. Qd2 Rb8 9. f4 d5 10. fxe5 Nxe4 11. Bxe4 dxe4 12. Nxe4 Nxe5 13. Qc3 Qd5 14. Ne2 c4 15. Nf4 Qb5 16. a4 Qb4 17. 0-0 Qxc3 18. bxc3 cxd3 19. cxd3 b6 20. Nxe6 fxe6 21. Bf4 Nd7 22. Bxb8 Nxb8 23. a5 Bd8 24. Nd6+ Kd7 25. Nf7 Re8 26. Nxd8 Rxd8 27. axb6 axb6 28. Ra7+ Kc6 29. d4 Kd5 30. Rxg7 1-0

[Event "COL-ch Amateur U2000"]
[Site "Bogota"]
[Date "2017.03.05"]
[Round "7"]
[White "Palomino Escobar, Daniel Fernando"]
[Black "Buitrago, Bernardo"]
[Result "0-1"]
[WhiteElo "1763"]
[BlackElo "1843"]
[PlyCount "68"]
[EventDate "2017.03.02"]
[EventType "swiss"]
[EventRounds "7"]
[EventCountry "COL"]
[SourceTitle "CBM 177 Extra"]
[Source "ChessBase"]
[SourceDate "2017.04.27"]
[SourceVersion "1"]
[SourceVersionDate "2017.04.27"]
[SourceQuality "1"]

1. e4 e6 2. b3 d5 3. Bb2 dxe4 4. Nc3 f5 5. f3 exf3 6. Nxf3 Nf6 7. Bc4 Bd6 8. Qe2 Qe7 9. 0-0-0 Nc6 10. d4 0-0 11. Rhe1 Nd8 12. d5 Kh8 13. Nb5 Ne4 14. Nxd6 cxd6 15. dxe6 Bxe6 16. Bd5 Bxd5 17. Rxd5 Ne6 18. Nd2 Nf4 19. Qc4 Nxd5 20. Qxd5 Qf7 21. Qd4 Nxd2 22. Kxd2 b6 23. Rf1 Qg6 24. Rf3 Qxg2+ 25. Kc1 Qh1+ 26. Kd2 Qxh2+ 27. Kc1 Qh6+ 28. Rf4 Rae8 29. Kb1 Re1+ 30. Bc1 Qh1 31. Qd2 g5 32. Rc4 Rxc1+ 33. Kb2 Rb1+ 34. Ka3 Qc1+ 0-1

[Event "COL-ch Amateur U2000"]
[Site "Bogota"]
[Date "2017.03.04"]
[Round "4"]
[White "Velez Alvarez, Laura Camila"]
[Black "Palomino Escobar, Daniel Fernando"]
[Result "1-0"]
[WhiteElo "1845"]
[BlackElo "1763"]
[PlyCount "105"]
[EventDate "2017.03.02"]
[EventType "swiss"]
[EventRounds "7"]
[EventCountry "COL"]
[SourceTitle "CBM 177 Extra"]
[Source "ChessBase"]
[SourceDate "2017.04.27"]
[SourceVersion "1"]
[SourceVersionDate "2017.04.27"]
[SourceQuality "1"]

1. e4 e6 2. d4 d5 3. e5 c5 4. c3 Nc6 5. f4 cxd4 6. cxd4 Nge7 7. Nf3 Nf5 8. Nc3 Qb6 9. Bb5 Bb4 10. Bxc6+ bxc6 11. g4 Nh6 12. h3 Ba6 13. Qc2 Qa5 14. Bd2 Bxc3 15. Qxc3 Qb5 16. 0-0-0 0-0 17. f5 Qc4 18. Qxc4 Bxc4 19. Bxh6 Be2 20. Bxg7 Kxg7 21. Ng5 Bxd1 22. Kxd1 h6 23. Nf3 Rab8 24. Rh2 c5 25. dxc5 Rfc8 26. Rc2 Rb5 27. c6 Rb4 28. Kd2 Re4 29. f6+ Kh7 30. Kd3 Kg6 31. a3 a5 32. b3 h5 33. g5 Kf5 34. c7 Kf4 35. Nd4 Re3+ 36. Kd2 Rxh3 37. Kc1 Kxe5 38. Nb5 Rxb3 39. Na7 Rxc7 40. Rxc7 Kf5 41. Rxf7 Kxg5 42. Rf8 Rf3 43. f7 Kg6 44. Rh8 Kxf7 45. Rxh5 Rxa3 46. Kb2 Ra4 47. Nc6 Ke8 48. Kb3 Re4 49. Nxa5 Kd7 50. Nb7 Rc4 51. Rh7+ Kc6 52. Na5+ Kb5 53. Nxc4 1-0